000 00293nam a22001337a 4500
008 171030b xxu||||| |||| 00| 0 eng d
020 _a0847675785
041 _aeng
080 _a336
100 _a56
101 _aFIN
245 _aTHE THEORY OF FREE BANKING
_cSELGIN,G.A
942 _2udc
_cBK
999 _c36326
_d36326